Common trees of the central watershed woodlands of Zimbabwe / (Record no. 101579)

MARC details
000 -LEADER
fixed length control field 00994nam a2200289 a 4500
008 - FIXED-LENGTH DATA ELEMENTS--GENERAL INFORMATION
fixed length control field
020 ## - INTERNATIONAL STANDARD BOOK NUMBER
International Standard Book Number 0869232967 (pbk.)
049 ## - LOCAL HOLDINGS (OCLC)
Holding library MAIN
090 0# - LOCALLY ASSIGNED LC-TYPE CALL NUMBER (OCLC); LOCAL CALL NUMBER (RLIN)
Classification number (OCLC) (R) ; Classification number, CALL (RLIN) (NR) QK402 DRU
003 - CONTROL NUMBER IDENTIFIER
control field
005 - DATE AND TIME OF LATEST TRANSACTION
control field 20230120193557.0
040 ## - CATALOGING SOURCE
Transcribing agency NUST
100 1# - MAIN ENTRY--PERSONAL NAME
Personal name Drummond, Robert B.
245 10 - TITLE STATEMENT
Title Common trees of the central watershed woodlands of Zimbabwe /
Statement of responsibility, etc. Robert B. Drummond ; illustrated by Olive Anderson.
260 ## - PUBLICATION, DISTRIBUTION, ETC.
Place of publication, distribution, etc. Salisbury :
Name of publisher, distributor, etc. Natural Resource Board,
Date of publication, distribution, etc. 1981.
300 ## - PHYSICAL DESCRIPTION
Extent 256 p. :
Other physical details ill. ;
Dimensions 21 cm.
504 ## - BIBLIOGRAPHY, ETC. NOTE
Bibliography, etc. note Includes bibliographical references.
500 ## - GENERAL NOTE
General note Includes indexes.
650 #0 - SUBJECT ADDED ENTRY--TOPICAL TERM
Topical term or geographic name entry element Trees
Geographic subdivision Zimbabwe
General subdivision Identification.
650 #0 - SUBJECT ADDED ENTRY--TOPICAL TERM
Topical term or geographic name entry element Trees
Geographic subdivision Zimbabwe
General subdivision Nomenclature (Poplar).
700 1# - ADDED ENTRY--PERSONAL NAME
Personal name Anderson, Olive.
710 1# - ADDED ENTRY--CORPORATE NAME
Corporate name or jurisdiction name as entry element Zimbabwe.
Subordinate unit Natural Resources Board.
710 1# - ADDED ENTRY--CORPORATE NAME
Corporate name or jurisdiction name as entry element Zimbabwe.
Subordinate unit Dept. of Natural Resources.
740 0# - ADDED ENTRY--UNCONTROLLED RELATED/ANALYTICAL TITLE
Uncontrolled related/analytical title Central watershed woodlands of Zimbabwe.
907 ## - LOCAL DATA ELEMENT G, LDG (RLIN)
a .b10141510
b 13-07-06
c 02-12-04
942 ## - ADDED ENTRY ELEMENTS (KOHA)
Koha item type Ordinary Loan Books
Call number prefix QK402 DRU
Holdings
Date last seen Total Checkouts Full call number Barcode Accession number Cost, replacement price Price effective from Koha item type Public note Lost status Source of classification or shelving scheme Damaged status Not for loan Collection Withdrawn status Home library Current library Shelving location Date acquired Source of acquisition Cost, normal purchase price
01/20/2023 7 QA401 KRE 92003031224 16170 30.00 05/16/2023 BOOKS-SL Donation   LCC     NFIC   MAIN MAIN GEN 05/16/2023 Book Aid International 30.00